[Event "BL 2018-19"]
[Site "Berlin"]
[Date "2019.03.02"]
[Round "10.23"]
[White "Baldauf, Marco"]
[Black "Hoffmeyer, Falk"]
[Result "1-0"]
[WhiteElo "2470"]
[BlackElo "2337"]
[Annotator "TA"]
[PlyCount "43"]
[EventDate "2018.11.10"]
[EventType "team-tourn"]
[EventCountry "GER"]
[SourceTitle "playchess.com"]
[Source "ChessBase"]
[SourceQuality "1"]
[WhiteTeam "SF Berlin"]
[BlackTeam "Zugzwang Muenchen"]

{[%evp 17,43,18,20,19,22,26,26,22,29,25,22,5,27,21,54,65,68,67,133,150,136,153,657,392,610,305,479,479]} 1. d4 d5 2. c4 e6 3. Nc3 Nf6 4. cxd5 exd5 5. Bg5 c6 6. e3 Be7 7. Bd3 Nbd7 8. Qc2 h6 9. Bh4 Nh5 10. Bxe7 {D36: Queen's Gambit Declined: Exchange Variation: Main line (5 Bg5 c6 6 Qc2)} Qxe7 11. O-O-O Nb6 12. Kb1 {White has an edge.} Nf6 13. Rc1 {[%cal Bd1c1,Bc1c3,Bc3a3][%mdl 32]} Be6 14. Nf3 O-O-O 15. Na4 {[#]} Nxa4 $146 ({Predecessor:} 15... Nfd7 16. Nc5 Nxc5 17. dxc5 Nc4 {1-0 (45) Rodshtein,M (2695)-Brunello,S (2555) Douglas 2017}) 16. Qxa4 Kb8 17. Rc3 $1 Bc8 {[#]} ({Black should try} 17... Ne4 $14) 18. Ra3 $1 $16 a6 19. Ne5 Qc7 $2 (19... Rd6 $16) 20. Rc1 Rd6 (20... b5 $142 21. Qb4 Rd6 22. Nxf7 {[%mdl 64] Double Attack} Rhd8) 21. Qb4 {Rxa6 is the strong threat.} Ne4 (21... Ka8 {is a better defense.} 22. Nxf7 Qxf7) 22. Bxe4 {Accuracy: White = 67%, Black = 27%.} 1-0

[Event "BL 2018-19"]
[Site "Berlin"]
[Date "2019.03.02"]
[Round "10.23"]
[White "Stark, Lars"]
[Black "Gurevich, Vladimir"]
[Result "1/2-1/2"]
[WhiteElo "2359"]
[BlackElo "2469"]
[Annotator "TA"]
[PlyCount "58"]
[EventDate "2018.11.10"]
[EventType "team-tourn"]
[EventCountry "GER"]
[SourceTitle "playchess.com"]
[Source "ChessBase"]
[SourceQuality "1"]
[WhiteTeam "Duesseldorf"]
[BlackTeam "SV Hofheim"]

{[%evp 23,58,-2,11,7,13,-15,-15,-12,-5,-26,-29,-31,-37,-32,-20,-59,-45,-63,-60,-39,-48,-38,1,0,-4,-23,7,10,33,24,21,4,5,4,50,20,7]} 1. c4 e5 2. g3 Nf6 3. Bg2 d5 4. cxd5 Nxd5 5. Nf3 Nc6 6. O-O Nb6 7. b3 Be7 8. Bb2 f6 9. Nc3 O-O 10. Rc1 Be6 11. d3 Qd7 12. Ne4 Rad8 13. Qc2 {A29: English Opening: Four Knights Variation with 4 g3} Nd5 14. Rfd1 {[#]} Ndb4 $146 ({Predecessor:} 14... a5 15. a3 Kh8 16. d4 f5 17. Nc5 Bxc5 18. Qxc5 e4 19. Ne5 Nxe5 20. dxe5 b6 {½-½ (67) Le,Q (2714)-Giri,A (2783) St Petersburg 2018}) 15. Qb1 Nd4 16. Bxd4 exd4 17. a3 Na6 18. b4 c6 19. Nfd2 f5 20. Nc5 Nxc5 21. bxc5 Rb8 22. Qc2 Rfe8 23. Rb1 Bd5 24. Nf3 Bf6 25. Rb4 b5 26. cxb6 $1 axb6 27. a4 c5 28. Rb2 Bc6 29. a5 bxa5 {Accuracy: White = 56%, Black = 57%.} 1/2-1/2

[Event "BL 2018-19"]
[Site "Berlin"]
[Date "2019.03.02"]
[Round "10.24"]
[White "Margolin, Boris"]
[Black "Coenen, Michael"]
[Result "1-0"]
[WhiteElo "2386"]
[BlackElo "2364"]
[Annotator "NA"]
[PlyCount "112"]
[EventDate "2018.11.10"]
[EventType "team-tourn"]
[EventCountry "GER"]
[SourceTitle "playchess.com"]
[Source "ChessBase"]
[SourceQuality "1"]
[WhiteTeam "SV Hofheim"]
[BlackTeam "Duesseldorf"]
[TimeControl "40/6000+30:3000+30"]

1. e4 {[%emt 0:00:00]} e5 {[%emt 0:00:00]} 2. Nf3 {[%emt 0:00:00]} Nf6 {[%emt 0:00:00]} 3. Nxe5 {[%emt 0:01:05]} d6 {[%emt 0:00:00]} 4. Nd3 {[%emt 0:00:13]} Nxe4 {[%emt 0:00:00]} 5. Qe2 {[%emt 0:00:04]} Qe7 {[%emt 0:00:05]} 6. Nf4 {[%emt 0:00:10]} Nf6 {[%emt 0:02:14]} 7. b3 {[%emt 0:04:25]} Bf5 {[%emt 0:06:44]} 8. Na3 {[%emt 0:09:01]} c6 {[%emt 0:09:34]} 9. Nc4 {[%emt 0:09:19]} Qxe2+ {[%emt 0:11:01]} 10. Bxe2 {[%emt 0:00:45]} d5 {[%emt 0:03:40]} 11. Ne3 {[%emt 0:00:08]} Bg6 {[%emt 0:01:18]} 12. Bb2 {[%emt 0:01:04]} Bd6 {[%emt 0:08:52]} 13. Nxg6 {[%emt 0:04:05]} hxg6 {[%emt 0:00:11]} 14. O-O-O {[%emt 0:01:10]} Nbd7 {[%emt 0:02:10]} 15. h4 {[%emt 0:01:19]} O-O-O {[%emt 0:02:57]} 16. g3 {[%emt 0:06:35]} Rde8 {[%emt 0:07:34]} 17. Bf3 {[%emt 0:08:12]} Be5 {[%emt 0:03:08]} 18. Ba3 {[%emt 0:02:40]} Bc7 {[%emt 0:03:19]} 19. Bg2 {[%emt 0:03:55]} Ne4 {[%emt 0:02:39]} 20. Rdf1 {[%emt 0:04:54]} Bd6 {[%emt 0:05:39]} 21. Bb2 {[%emt 0:04:18]} Be5 {[%emt 0:00:42]} 22. c3 {[%emt 0:01:39]} Ndf6 {[%emt 0:02:27]} 23. Kc2 {[%emt 0:04:41]} Bc7 {[%emt 0:03:05]} 24. Nd1 {[%emt 0:03:12]} Kb8 {[%emt 0:01:10]} 25. Bf3 {[%emt 0:05:04]} Bb6 {[%emt 0:05:25]} 26. d3 {[%emt 0:04:44]} Nd6 {[%emt 0:01:18]} 27. Re1 {[%emt 0:01:15]} Kc8 {[%emt 0:04:51]} 28. Ba3 {[%emt 0:03:58]} Kd7 {[%emt 0:02:37]} 29. Rxe8 {[%emt 0:02:39]} Rxe8 {[%emt 0:01:36]} 30. g4 {[%emt 0:00:46]} Rh8 {[%emt 0:02:15]} 31. Bc1 {[%emt 0:01:26]} Ng8 {[%emt 0:03:07]} 32. c4 {[%emt 0:03:33]} dxc4 {[%emt 0:02:06]} 33. dxc4 {[%emt 0:01:28]} Nf6 {[%emt 0:05:06]} 34. Bb2 {[%emt 0:02:57]} Rh7 {[%emt 0:03:17]} 35. h5 {[%emt 0:08:03]} gxh5 {[%emt 0:00:17]} 36. gxh5 {[%emt 0:00:09]} Nde4 {[%emt 0:02:34]} 37. Re1 {[%emt 0:04:38]} Ng5 {[%emt 0:01:38]} 38. Bxf6 {[%emt 0:02:25]} Nxf3 {[%emt 0:01:02]} 39. Re7+ {[%emt 0:00:25]} Kc8 {[%emt 0:03:12]} 40. Rxf7 {[%emt 0:01:28]} Rxh5 {[%emt 0:00:25]} 41. Bxg7 {[%emt 0:50:52]} Nh4 {[%emt 0:01:52]} 42. Kd3 {[%emt 0:00:00]} Nf5 {[%emt 0:03:24]} 43. Be5 {[%emt 0:00:00]} Nh6 {[%emt 0:02:45]} 44. Rf8+ {[%emt 0:00:00]} Kd7 {[%emt 0:00:02]} 45. Bf4 {[%emt 0:00:00]} Ng4 {[%emt 0:00:50]} 46. Bg3 {[%emt 0:00:00]} Rh7 {[%emt 0:04:11]} 47. Rf4 {[%emt 0:00:00]} Rg7 {[%emt 0:02:38]} 48. Nc3 {[%emt 0:00:00]} Ke6 {[%emt 0:11:05]} 49. Ne4 {[%emt 0:00:00]} Ne5+ {[%emt 0:01:27]} 50. Ke2 {[%emt 0:00:00]} Nd7 {[%emt 0:04:32]} 51. Rh4 {[%emt 0:00:00]} Nc5 {[%emt 0:04:59]} 52. Rh6+ {[%emt 0:00:00]} Kd7 {[%emt 0:00:01]} 53. Nf6+ {[%emt 0:00:00]} Ke7 {[%emt 0:02:13]} 54. Bd6+ {[%emt 0:00:00]} Kf7 {[%emt 0:00:02]} 55. Nh5 {[%emt 0:00:11]} Rg4 {[%emt 0:03:32]} 56. Rf6+ {[%emt 0:00:54] Rg5 Ng3+} Ke8 1-0

[Event "BL 2018-19"]
[Site "Berlin"]
[Date "2019.03.02"]
[Round "10.24"]
[White "Eichler, Christoph"]
[Black "Jakubowski, Krzysztof"]
[Result "0-1"]
[WhiteElo "2315"]
[BlackElo "2510"]
[Annotator "ChessBase"]
[PlyCount "112"]
[EventDate "2018.11.10"]
[EventType "team-tourn"]
[EventCountry "GER"]
[SourceTitle "playchess.com"]
[Source "ChessBase"]
[SourceQuality "1"]
[WhiteTeam "Zugzwang Muenchen"]
[BlackTeam "SF Berlin"]
[TimeControl "40/6000+30:3000+30"]

1. e4 {[%emt 0:00:00]} c5 {[%emt 0:00:00]} 2. Nf3 {[%emt 0:00:00]} e6 {[%emt 0:00:03]} 3. b3 {[%emt 0:00:10]} a6 4. Bb2 {[%emt 0:02:13]} Nc6 {[%emt 0:07:41]} 5. Be2 {[%emt 0:05:39]} Qc7 {[%emt 0:05:30]} 6. c4 {[%emt 0:06:50]} Nf6 {[%emt 0:01:16]} 7. Nc3 {[%emt 0:02:16]} b6 {[%emt 0:03:04]} 8. O-O {[%emt 0:05:34]} Bb7 {[%emt 0:00:24]} 9. Re1 {[%emt 0:03:02]} Bd6 {[%emt 0:08:13]} 10. Bf1 {[%emt 0:13:06]} Ng4 {[%emt 0:05:50]} 11. g3 {[%emt 0:04:14]} h5 {[%emt 0:00:45]} 12. Bh3 {[%emt 0:18:58]} O-O-O {[%emt 0:07:56]} 13. Na4 {[%emt 0:04:31]} Nge5 {[%emt 0:36:15]} 14. Nxe5 {[%emt 0:01:37]} Bxe5 {[%emt 0:01:32]} 15. Bxe5 {[%emt 0:00:35]} Qxe5 {[%emt 0:00:18]} 16. Nxb6+ {[%emt 0:04:44]} Kb8 {[%emt 0:00:06]} 17. Bg2 {[%emt 0:01:52]} h4 {[%emt 0:01:24]} 18. Qf3 {[%emt 0:07:53]} Nd4 {[%emt 0:03:36]} 19. Qc3 {[%emt 0:11:01]} hxg3 {[%emt 0:01:03]} 20. hxg3 {[%emt 0:00:12]} f5 {[%emt 0:11:17]} 21. f4 {[%emt 0:04:41]} Qd6 {[%emt 0:04:08]} 22. Na4 {[%emt 0:00:06]} fxe4 {[%emt 0:00:09]} 23. Re3 {[%emt 0:03:59]} g5 {[%emt 0:01:21]} 24. Rf1 {[%emt 0:01:27]} Nf3+ {[%emt 0:01:26]} 25. Rfxf3 {[%emt 0:00:38]} exf3 {[%emt 0:00:13]} 26. Rxf3 {[%emt 0:00:34]} gxf4 {[%emt 0:00:58]} 27. Rxf4 {[%emt 0:01:35]} Rhg8 {[%emt 0:02:00]} 28. Qe3 {[%emt 0:00:37]} Bxg2 {[%emt 0:03:21]} 29. Kxg2 {[%emt 0:00:02]} Qc6+ {[%emt 0:00:44]} 30. Qf3 {[%emt 0:00:54]} Kc7 {[%emt 0:00:40]} 31. Qxc6+ {[%emt 0:02:43]} Kxc6 {[%emt 0:00:05]} 32. d4 {[%emt 0:00:08]} cxd4 {[%emt 0:00:47]} 33. Rxd4 {[%emt 0:00:03]} Rg7 {[%emt 0:00:42]} 34. c5 {[%emt 0:00:56]} Rdg8 {[%emt 0:01:32]} 35. Rd6+ {[%emt 0:00:13]} Kc7 {[%emt 0:01:09]} 36. Rxa6 {[%emt 0:02:31]} Rxg3+ {[%emt 0:00:15]} 37. Kf2 {[%emt 0:00:02]} Rg2+ {[%emt 0:00:14]} 38. Kf3 {[%emt 0:00:13]} R8g3+ {[%emt 0:00:06]} 39. Kf4 {[%emt 0:00:15]} Rg4+ {[%emt 0:00:30]} 40. Kf3 {[%emt 0:01:01]} R2g3+ {[%emt 0:00:25]} 41. Kf2 {[%emt 0:50:34]} Rg2+ {[%emt 0:50:26]} 42. Kf3 {[%emt 0:00:00]} e5 {[%emt 0:00:00]} 43. Ra7+ {[%emt 0:00:00]} Kc6 {[%emt 0:00:00]} 44. Ra6+ {[%emt 0:00:00]} Kb7 {[%emt 0:00:00]} 45. Rd6 {[%emt 0:00:00]} R4g3+ {[%emt 0:00:00]} 46. Ke4 {[%emt 0:00:00]} Re2+ {[%emt 0:00:00]} 47. Kf5 {[%emt 0:00:00]} Rf3+ {[%emt 0:00:00]} 48. Kg4 {[%emt 0:00:00]} Rf7 {[%emt 0:00:00]} 49. Nb6 {[%emt 0:00:00]} Rg2+ {[%emt 0:00:00]} 50. Kh3 {[%emt 0:00:00]} Rg5 {[%emt 0:00:00]} 51. Rxd7+ {[%emt 0:00:00]} Rxd7 {[%emt 0:00:00]} 52. Nxd7 {[%emt 0:00:00]} e4 {[%emt 0:00:00]} 53. Kh4 {[%emt 0:00:00]} Rg7 {[%emt 0:00:00]} 54. Ne5 {[%emt 0:00:00]} e3 {[%emt 0:00:00]} 55. Nf3 {[%emt 0:00:00]} e2 {[%emt 0:00:00]} 56. Kh3 {[%emt 0:00:00]} Rf7 {[%emt 0:00:00]} 0-1

[Event "BL 2018-19"]
[Site "Berlin"]
[Date "2019.03.02"]
[Round "10.25"]
[White "Almasi, Zoltan"]
[Black "Kulaots, Kaido"]
[Result "1/2-1/2"]
[WhiteElo "2682"]
[BlackElo "2551"]
[Annotator "TA"]
[PlyCount "117"]
[EventDate "2018.11.10"]
[EventType "team-tourn"]
[EventCountry "GER"]
[SourceTitle "playchess.com"]
[Source "ChessBase"]
[SourceQuality "1"]
[WhiteTeam "Dresden"]
[BlackTeam "Augsburg"]

{[%evp 20,117,5,0,0,0,0,0,0,0,19,19,10,11,18,22,43,38,47,21,91,0,27,43,12,24,18,22,40,0,16,15,12,12,14,-22,47,47,47,49,56,34,44,18,54,26,27,38,37,30,147,144,144,144,149,149,143,0,0,0,15,0,0,0,8,8,16,8,54,54,54,54,54,54,54,54,54,8,8,8,8,8,8,8,8,8,0,0,8,8,8,8,8,8,8,0,0,0,0,0]} 1. Nf3 Nf6 2. c4 c5 3. Nc3 d5 4. cxd5 Nxd5 5. g3 Nc6 6. Bg2 g6 7. O-O Bg7 8. Qa4 O-O {A34: Symmetrical English: 2 Nc3, lines with ...d5} 9. Qc4 Nxc3 10. dxc3 Qb6 11. Qh4 {LiveBook: 11 Games} Bd7 $146 ({Predecessor:} 11... Rd8 12. Ng5 h6 13. Nf3 h5 14. h3 Bf6 15. Bg5 Kg7 16. Rab1 {0-1 (46) Almasi,Z (2682)-Howell,D (2676) Riadh 2017}) 12. Ng5 {[%csl Gg5][%cal Rh4h7]} h6 13. Nf3 g5 14. Qe4 Rad8 15. h4 g4 16. Nd2 {[%cal Bf3d2,Bd2f1,Bf1e3,Be3c2,Bc2a3,Ba3c4,Bc4d6][%mdl 32]} Qb5 17. Re1 Be6 18. Nf1 c4 19. Ne3 Rd6 {[#]} (19... Qh5 $11) 20. Qf4 (20. Nxg4 $2 f5 $17) ({White should try} 20. a4 $1 $16 {[%cal Ra4b5]} Qe5 21. Qxe5 Nxe5 22. Nc2) 20... Qe5 21. Qxe5 Bxe5 22. Nc2 h5 23. Be3 Rfd8 24. Na3 (24. Bxc6 $5 Rxc6 25. Bxa7 $11) 24... a6 25. Rab1 R8d7 26. Kf1 Kf8 27. Rec1 {[#]} Bf5 (27... Nb4 $1 $11 {[%mdl 512]}) 28. Nxc4 $14 Bxb1 29. Nxd6 {Black must now prevent Nc4.} Bxa2 30. Ne4 Bd5 31. Rd1 (31. Nc5 $5 {[%cal Rc5d7]} Bxg2+ 32. Kxg2 $14) 31... f5 32. Bh6+ Bg7 33. Bxg7+ Kxg7 {[#]} 34. c4 $1 {[%mdl 512]} Be6 (34... fxe4 $11 35. cxd5 (35. Rxd5 Rxd5 36. cxd5 Na5 $14) 35... Ne5) (34... Bxc4 35. Rxd7) 35. Rxd7 $16 Bxd7 {[%mdl 4096] Endgame KBN-KBN} 36. Nc5 Bc8 37. Bxc6 $1 bxc6 {KB-KN} 38. e4 (38. Ke1 $16) 38... Kf6 $11 39. Ke2 Ke5 40. Ke3 {And now Nd3+ would win.} fxe4 $1 41. Nxe4 Be6 42. b3 {[%cal Bb2b3,Bb3b4][%mdl 32]} a5 43. Nc5 Bf5 44. Nb7 Be4 45. c5 ({And not} 45. Nxa5 c5 $17) 45... Kd5 46. Nxa5 Bg6 47. b4 {Strongly threatening Kf4.} e5 48. Kd2 Bf5 {The position is equal.} 49. Kc3 Bd7 50. Nc4 Ke4 $1 51. Nd2+ Kd5 52. Kd3 Bf5+ 53. Ke3 Bc2 54. f4 {Hoping for fxe5.} gxf3 $1 55. Nxf3 Bf5 56. Nd2 Bc2 57. Nf3 Bf5 58. Ng5 Bg6 59. Nf3 {Precision: White = 65%, Black = 52%.} 1/2-1/2

[Event "BL 2018-19"]
[Site "Berlin"]
[Date "2019.03.02"]
[Round "10.26"]
[White "Laznicka, Viktor"]
[Black "Nisipeanu, Liviu-Dieter"]
[Result "1/2-1/2"]
[WhiteElo "2668"]
[BlackElo "2674"]
[Annotator "TA"]
[PlyCount "45"]
[EventDate "2018.11.10"]
[EventType "team-tourn"]
[EventCountry "GER"]
[SourceTitle "playchess.com"]
[Source "ChessBase"]
[SourceQuality "1"]
[WhiteTeam "Augsburg"]
[BlackTeam "Dresden"]

{[%evp 10,45,22,-9,-2,-14,0,0,0,6,12,4,11,10,5,5,6,-20,-14,-17,-17,-17,-17,-17,-17,-17,-17,-23,-21,-18,-18,-25,-8,-16,-8,0,2,0]} 1. d4 d5 2. Nf3 Nf6 3. Bf4 c5 4. e3 Nc6 5. c3 Qb6 6. Qc2 g6 {D02: 1 d4 d5 2 Nf3 sidelines, including 2...Nf6 3 g3 and 2...Nf6 3 Bf4} 7. Nbd2 Bg7 8. h3 O-O 9. Be2 (9. Bd3 Nd7 10. O-O e5 11. dxe5 Ndxe5 12. Nxe5 Nxe5 13. Bxe5 Bxe5 14. e4 dxe4 15. Bxe4 {½-½ (27) Prusikin,M (2510)-Wojtaszek,R (2749) Germany 2018}) 9... Nd7 10. O-O e5 11. dxe5 Ndxe5 12. Nxe5 Nxe5 13. e4 $146 ({Predecessor:} 13. Qb3 Be6 14. Rfd1 {0-1 (37) Burmakin,V (2627)-Edouard,R (2597) Benasque 2009}) 13... dxe4 14. Nxe4 Bf5 15. Bxe5 Bxe5 16. Bg4 Bxe4 17. Qxe4 Rae8 18. Qc2 Qf6 19. Rae1 h5 20. Bd1 Bb8 21. Re4 {The position is equal.} Rxe4 22. Qxe4 Qe5 23. Qxe5 {Accuracy: White = 86%, Black = 75%.} 1/2-1/2

[Event "BL 2018-19"]
[Site "Berlin"]
[Date "2019.03.02"]
[Round "10.27"]
[White "Neef, Maximilian"]
[Black "Postny, Evgeny"]
[Result "1/2-1/2"]
[WhiteElo "2479"]
[BlackElo "2617"]
[Annotator "TA"]
[PlyCount "66"]
[EventDate "2018.11.10"]
[EventType "team-tourn"]
[EventCountry "GER"]
[SourceTitle "playchess.com"]
[Source "ChessBase"]
[SourceQuality "1"]
[WhiteTeam "Dresden"]
[BlackTeam "Augsburg"]

{[%evp 10,66,20,14,16,18,12,22,22,32,26,17,41,14,48,52,58,24,37,37,62,61,99,98,94,91,87,89,95,78,68,47,57,34,33,41,36,42,40,15,8,8,8,8,8,8,8,8,8,8,8,8,8,8,8,8,8,8,9]} 1. Nf3 Nf6 2. g3 b5 {[%cal Bb7b5,Bb5b4][%mdl 32]} 3. Bg2 Bb7 4. Na3 a6 5. c4 b4 6. Nc2 e6 {A05: Réti Opening: 1 Nf3 Nf6} 7. d4 (7. O-O Be7 8. d4 Be4 9. a3 bxa3 10. b3 O-O 11. Bxa3 d6 12. Ne3 c6 13. Qd2 Nbd7 14. Nd1 Qb6 15. Nc3 Qxb3 16. Ne5 dxe5 17. Bxe7 exd4 18. Nxe4 Nxe4 19. Bxe4 Rfe8 20. Bxc6 Ra7 21. Qxd4 {1-0 (21) Nakamura,H (2793)-Oparin,G (2604) Zuerich 2017}) 7... a5 8. O-O Be7 9. d5 Na6 10. Nfd4 {[#] aiming for d6!} Nc5 $1 11. Nb3 exd5 $146 ({Predecessor:} 11... Nxb3 12. axb3 exd5 13. Ne3 O-O 14. Nxd5 Nxd5 15. Bxd5 Bxd5 16. Qxd5 {1-0 (65) Sepp,O (2431)-Kulaots,K (2570) Puhajarve 2015}) 12. cxd5 O-O 13. Bf4 Nxb3 14. axb3 {[#] And now d6 would win.} d6 15. Ne3 Qd7 16. Nc4 Qb5 {[%cal Rb7d5]} 17. e4 a4 18. Re1 axb3 19. Qxb3 Nd7 20. Na3 Qb6 {Threatens to win with ...Nc5.} 21. Be3 Nc5 22. Bxc5 $1 Qxc5 23. Rec1 Qb6 24. Nc2 (24. Nc4 {seems wilder.} Qc5 25. Rab1 Rfb8 26. Rc2 Qa7 27. Rbc1) 24... Bf6 {The position is equal.} 25. Qxb4 Bxb2 26. Qxb6 cxb6 27. Rxa8 Rxa8 28. Rb1 Ra2 29. Bf1 Bf6 30. Rxb6 Rxc2 31. Rxb7 {Rb8+ would kill now.} g5 32. Rb3 Bd4 33. Rf3 Kg7 {Accuracy: White = 73%, Black = 86%.} 1/2-1/2

[Event "BL 2018-19"]
[Site "Berlin"]
[Date "2019.03.02"]
[Round "10.28"]
[White "Prusikin, Michael"]
[Black "Boensch, Uwe"]
[Result "1/2-1/2"]
[WhiteElo "2510"]
[BlackElo "2553"]
[Annotator "TA"]
[PlyCount "52"]
[EventDate "2018.11.10"]
[EventType "team-tourn"]
[EventCountry "GER"]
[SourceTitle "playchess.com"]
[Source "ChessBase"]
[SourceQuality "1"]
[WhiteTeam "Augsburg"]
[BlackTeam "Dresden"]

{[%evp 13,52,25,55,30,25,33,33,29,41,40,45,39,42,38,63,54,70,65,99,97,147,56,91,112,194,106,112,58,66,50,76,77,59,37,25,0,0,5,0,11,23]} 1. d4 d5 2. c4 e6 3. Nc3 Nf6 4. cxd5 exd5 5. Bg5 c6 6. Qc2 Na6 7. e3 Nb4 8. Qb1 {D36: Queen's Gambit Declined: Exchange Variation: Main line (5 Bg5 c6 6 Qc2)} (8. Qd1 {is interesting.} a5 9. a3 Na6 10. Bd3 h6 11. Bh4) (8. Qd2 Bf5 9. Rc1 a5 10. a3 Na6 11. Nge2 Be7 12. Ng3 Bg6 13. h4 h6 14. Bf4 Nc7 15. h5 Bh7 16. Bxc7 Qxc7 {0-1 (40) Sargissian,G (2668)-Bruzon Batista,L (2691) Tsaghkadzor 2015}) 8... a5 9. a3 Na6 10. Bd3 {White is slightly better.} h6 11. Bh4 Be7 12. Nf3 O-O 13. O-O $36 {[%mdl 2048] White has the initiative.} Be6 $146 ({Predecessor:} 13... Re8 14. Qc2 Ne4 15. Bxe7 Qxe7 16. Bxe4 dxe4 17. Ne5 Nc7 18. Qb3 a4 19. Qc2 {½-½ (19) Sawatzki,J (2494)-Fremiotti,U (2389) ICCF corr 1999}) 14. Qc2 Nd7 15. Bg3 c5 16. Rad1 Rc8 {[#]} 17. Bh7+ (17. dxc5 $142 $1 Ndxc5 18. Bh7+ Kh8 19. Bf5) 17... Kh8 $16 18. Bf5 Qb6 {[#]} (18... Bf6 $16 {is a better defense.}) 19. Bxe6 (19. dxc5 $1 $18 Qxc5 20. Nd4) 19... fxe6 20. Be5 (20. Qg6 $16) 20... Bf6 $14 21. Bxf6 {[%mdl 64] Overworked Piece} Nxf6 22. Ne5 Kg8 23. Ng6 Rfe8 24. Ne2 Rc7 {The position is equal.} 25. Qb1 Nb8 26. dxc5 Rxc5 {Accuracy: White = 61%, Black = 59%.} 1/2-1/2

[Event "BL 2018-19"]
[Site "Berlin"]
[Date "2019.03.02"]
[Round "10.29"]
[White "Maiwald, Jens-Uwe"]
[Black "Arnaudov, G. Petar"]
[Result "1/2-1/2"]
[WhiteElo "2443"]
[BlackElo "2459"]
[Annotator "TA"]
[PlyCount "89"]
[EventDate "2018.11.10"]
[EventType "team-tourn"]
[EventCountry "GER"]
[SourceTitle "playchess.com"]
[Source "ChessBase"]
[SourceQuality "1"]
[WhiteTeam "Dresden"]
[BlackTeam "Augsburg"]

{[%evp 22,89,0,0,0,0,0,6,0,-14,15,20,50,52,30,44,60,48,40,14,17,18,25,0,0,-4,-10,-6,-4,-8,0,-6,0,0,0,-6,0,0,0,-9,-9,-17,-14,-17,-17,-15,-16,-14,-14,-21,-21,-22,-9,-15,-15,-25,-16,-17,-4,-25,-25,-52,0,0,0,0,0,0,0,0]} 1. Nf3 Nf6 2. g3 d5 3. Bg2 e6 4. O-O c5 5. d3 Nc6 6. Nbd2 g6 7. e4 Bg7 8. exd5 Nxd5 9. Nb3 b6 10. c3 O-O 11. d4 Ba6 12. Re1 cxd4 {A08: King's Indian Attack} 13. Nbxd4 Nxd4 14. Nxd4 Qd7 15. a4 (15. Bg5 h6 16. Bd2 Rad8 {½-½ (41) Zvjaginsev,V (2660)-Demidov,M (2513) Sochi 2015}) 15... Rac8 16. Nb5 Bxb5 17. axb5 Qxb5 18. Rxa7 Ra8 $146 19. Rxa8 Rxa8 20. Qc2 Qc5 21. Qb3 b5 {[%cal Bb6b5,Bb5b4][%mdl 32]} 22. Bf1 b4 23. c4 Bd4 24. Qf3 {[%mdl 64] [#] Pin} Nb6 25. b3 Ra2 26. Re2 Rxe2 27. Bxe2 Kg7 28. Bd2 e5 29. Kg2 Qd6 30. Be1 Nd7 31. Kf1 Bc5 32. Qd3 Qxd3 33. Bxd3 $11 {[%mdl 4096] Endgame KBB-KBN} f5 34. f3 Nb8 35. Bd2 Kf6 36. Bc2 h5 37. h3 Nc6 38. Bd1 g5 39. Be1 f4 40. Ke2 Nd4+ 41. Kd3 Nf5 ({Black should try} 41... fxg3 $15 42. Bxg3 Kf5) 42. g4 {The position is equal.} Ng3 43. Be2 hxg4 44. hxg4 Ke6 45. Bxg3 {Accuracy: White = 53%, Black = 68%.} 1/2-1/2

[Event "BL 2018-19"]
[Site "Berlin"]
[Date "2019.03.02"]
[Round "10.30"]
[White "Rozentalis, Eduardas"]
[Black "Tischbierek, Raj"]
[Result "1-0"]
[WhiteElo "2524"]
[BlackElo "2432"]
[Annotator "TA"]
[PlyCount "83"]
[EventDate "2018.11.10"]
[EventType "team-tourn"]
[EventCountry "GER"]
[SourceTitle "playchess.com"]
[Source "ChessBase"]
[SourceQuality "1"]
[WhiteTeam "Augsburg"]
[BlackTeam "Dresden"]

{[%evp 24,83,10,-12,-19,-38,-41,-35,-20,-37,-34,-42,-27,-44,-23,-17,-14,-17,0,0,15,-17,-14,-12,0,0,0,0,5,0,0,0,0,4,0,0,0,0,9,6,0,3,23,0,0,0,4,4,8,4,14,14,97,97,99,97,360,349,2439,2175,1550,1661]} 1. e4 d6 2. d4 Nf6 3. Nc3 g6 4. Nf3 {[%cal Bg1f3,Bf3d2,Bd2c4][%mdl 32]} Bg7 5. Be2 O-O 6. O-O c5 7. d5 e6 8. Nd2 exd5 9. exd5 Nbd7 10. Nc4 Nb6 11. Ne3 Ne8 12. a4 {A43: Schmid Benoni} f5 13. f4 {LiveBook: 5 Games} Nc7 14. Nb5 {The position is equal.} Nxb5 15. axb5 a6 16. bxa6 bxa6 17. c3 {[#]} a5 $146 ({Predecessor:} 17... Re8) 18. Bd2 Re8 19. g4 fxg4 20. Bxg4 Bxg4 21. Qxg4 Nd7 22. f5 Ne5 23. Qg3 Ra7 24. fxg6 hxg6 25. Ng4 Qc8 26. Nf6+ Bxf6 $1 27. Rxf6 Rf7 28. Rxf7 Kxf7 29. Rf1+ ({Don't blunder} 29. Rxa5 $2 Qf5 $19) 29... Kg7 30. Bf4 Qd7 31. Bg5 {With the idea Bf6+.} Kg8 32. Bf6 {Threatening Rf4.} Qh7 33. Bxe5 Rxe5 $11 {[%mdl 4096] Endgame KQR-KQR} 34. Rf6 g5 35. Qf3 $36 {[%mdl 2048] Rf8+ would kill now. White is more active.} Re8 36. Kg2 Qc2+ 37. Kg3 c4 (37... Qb1 $1 $11) 38. Rxd6 $16 Qd3 {[#] And now ...Rf8 would win.} 39. Re6 $1 {[%cal Re6e8]} Rd8 $2 {[%mdl 8192] [#]} (39... Rxe6 $16 40. dxe6 Qd6+ 41. Kg4 Qxe6+ 42. Kxg5 Qe5+ 43. Qf5 Qxh2) 40. Re5 $1 $18 g4 $2 (40... Qxf3+ 41. Kxf3 Kf7 42. Rxg5 Rh8) 41. Rg5+ Kh7 42. Kxg4 {Precision: White = 62%, Black = 39%.} 1-0